| 000 | 01007nam0a2200325 4500 | ||
|---|---|---|---|
| 001 | RU\NLR\BIBL_A\022132379 | ||
| 005 | 20240314112953.0 | ||
| 010 |
_a978-5-6050677-1-9 _9100 |
||
| 021 |
_aRU _bКН-П-23-081640 _9КН-П-23-8280 |
||
| 035 | _a(NLR Aleph) 022132379 | ||
| 035 | _a(RuMoRGB)012452432 | ||
| 090 |
_a12839205 _c12839205 |
||
| 100 | _a20240208d2023 u y0rusy50 ca | ||
| 101 | 0 | _arus | |
| 102 | _aRU | ||
| 105 | _aa z 000gy | ||
| 181 | 0 |
_ai3 _baxxe |
|
| 182 | 0 | _an | |
| 200 | 1 |
_aГод без тебя _e[стихи] _fВалерия Алтай |
|
| 203 |
_aТекст _bвизуальный _cнепосредственный |
||
| 210 |
_aМосква _cНаш круг _d2023 |
||
| 215 |
_a23 с. _cил. _d18 |
||
| 675 |
_a821.161.1-1 _v4 |
||
| 686 | 2 | _aШ6(2=Р)8-5 | |
| 700 | 1 |
_aАлтай _bВ. Ю. _gВалерия Юрьевна |
|
| 942 | _cBOOK | ||
| 980 | _aNB | ||